| 000 | 00857nam a2200193 i 4500 | ||
|---|---|---|---|
| 001 | 164719 | ||
| 003 | ES-MaACL | ||
| 005 | 20231229063050.0 | ||
| 008 | 050808s1863 sp |||| | spa d | ||
| 100 | 1 |
_aSanromá, Joaquín María, _d1828-1895 _9103198 |
|
| 245 | 1 | 4 |
_aLas crisis industriales _b: lección pronunciada en el Ateneo de Madrid el dia 27 de marzo de 1863 / _cpor Joaquín María Sanromá. |
| 260 |
_aMadrid : _b[s.n.], _c[1863?.] ( _fImp. de Manuel Galiano) |
||
| 300 |
_a24 p. ; _c26 cm. |
||
| 610 | 2 | 4 |
_aAteneo de Madrid- _vConferencias- _yS.XIX. _91910 |
| 650 | 0 | 4 |
_aCrisis económicas. _911421 |
| 650 | 0 | 4 |
_aProteccionismo- _zEspaña- _yS.XIX. _916515 |
| 852 |
_aES-MaACL _jT-1282-F-6 _z- Enc. hol. conservando cub. original _z- Dedicatoria ms. del autor a Laureano Figuerola _z- Enc. en un vol. facticio |
||
| 999 |
_c164719 _d164719 |
||